| 000 | 01084nam a2200373 b 4500 | ||
|---|---|---|---|
| 001 | 00506669 | ||
| 003 | DO-SdBNP | ||
| 005 | 20180216142135.0 | ||
| 007 | 00506669 | ||
| 008 | 960916s1995 sp | ||| ||spa | ||
| 016 | 7 |
_a _2BPMSU |
|
| 017 |
_a _b |
||
| 020 | _a8434834510 | ||
| 035 | _a | ||
| 040 |
_aBPMSU _bspa _cBPMSU _e |
||
| 041 | 1 |
_aspa _h |
|
| 080 | 0 | _a | |
| 082 |
_a833.91 _bP476p 1995 |
||
| 100 | 1 |
_aPestum, Jo _d1936- |
|
| 240 | 1 | 4 |
_aDer Pirat auf dem Dach _lEspañol |
| 245 | 1 | 3 |
_aEl pirata en el tejado / _cJo Pestum ; traducción de Elsa Alfonso Mori ; ilustraciones de Julio Gutiérrez Mas. _h |
| 250 | _a5a. ed. | ||
| 260 |
_aBarcelona : _bS M, _c1995 |
||
| 300 |
_a126 p.: _bil.; _c21 cm |
||
| 490 | 1 |
_aEl barco de vapor _v70 |
|
| 650 | _aCUENTOS INFANTILES ALEMANES | ||
| 650 | _aLITERATURA INFANTIL ALEMANA | ||
| 700 | 1 | 2 |
_aAlfonso Mori, Elsa, _etr. |
| 700 | 1 | 2 |
_aGutiérrez Mas, Julio, _eil. |
| 830 | 0 |
_aEl barco de vapor _v70 |
|
| 942 |
_2ddc _cBK |
||
| 945 | _aInventariado, 2018 /LP | ||
| 956 |
_aVMATEO _b10 _c20160408 _hBPMSU |
||
| 999 |
_c12094 _d12094 |
||